Loading...
Communication Science and Technology
| Hovedforfatter: | |
|---|---|
| Format: | Printed Book |
| Udgivet: |
Marcel Dekker , INC, New York
1974
|
| LEADER | 00392nam a2200109 4500 | ||
|---|---|---|---|
| 082 | |a 001.5 PEN | ||
| 100 | |a Patrick R.Penland | ||
| 245 | |a Communication Science and Technology |c Patrick R.Penland | ||
| 260 | |a Marcel Dekker , INC, New York |c 1974 | ||
| 942 | |c BK | ||
| 999 | |c 194599 |d 194599 | ||
| 952 | |0 0 |1 0 |4 0 |6 001_500000000000000_PEN |7 0 |9 207948 |a DCI |b DCI |d 2019-10-29 |l 0 |o 001.5 PEN |p DCI914 |r 2019-10-29 |w 2019-10-29 |y BK | ||